Normal view
MARC view
- Naik Seema
Entry Personal Name
001 - CONTROL NUMBER
- control field: 183184
003 - CONTROL NUMBER IDENTIFIER
- control field: OSt
005 - DATE AND TIME OF LATEST TRANSACTION
- control field: 20230605085028.0
008 - FIXED-LENGTH DATA ELEMENTS
- fixed length control field: 230605|| aca||aabn | a|a d
040 ## - CATALOGING SOURCE
- Original cataloging agency: OSt
- Transcribing agency: OSt
100 ## - HEADING--PERSONAL NAME
- Personal name: Naik Seema
670 ## - SOURCE DATA FOUND
- Source citation: Work cat.: (OSt)161249: Naik Seema, Analysis Of Pollution Problems And Its Impacts On The Surrounding, 2017